[Event "British Rapidplay Championship 2023"]
[Site "Mercure Bradford, Bankfield Hotel"]
[Date "2023.04.15"]
[Round "6.23"]
[White "Winter, Kevin"]
[Black "Gorrell, Elinor"]
[Result "1-0"]
[TimeControl "All moves in 15 minutes plus 10 second increment per move from move 1"]
[WhiteElo "1713"]
[BlackElo "1348"]

1. e4 {[%clk 00:15:17]} {[%emt 00:00:02]} c5 {[%clk 00:15:19]} {[%emt
00:00:02]} 2. Nc3 {[%clk 00:15:22]} {[%emt 00:00:05]} Nc6 {[%clk 00:15:22]}
{[%emt 00:00:08]} 3. f4 {[%clk 00:15:29]} {[%emt 00:00:02]} d6 {[%clk
00:15:26]} {[%emt 00:00:06]} 4. Nf3 {[%clk 00:15:13]} {[%emt 00:00:26]} e6
{[%clk 00:15:14]} {[%emt 00:00:22]} 5. Bc4 {[%clk 00:15:06]} {[%emt 00:00:16]}
Be7 {[%clk 00:15:14]} {[%emt 00:00:11]} 6. O-O {[%clk 00:15:03]} {[%emt
00:00:12]} Nf6 {[%clk 00:15:17]} {[%emt 00:00:07]} 7. d3 {[%clk 00:15:11]}
{[%emt 00:00:03]} O-O {[%clk 00:15:22]} {[%emt 00:00:05]} 8. Bb3 {[%clk
00:14:47]} {[%emt 00:00:33]} Bd7 {[%clk 00:15:13]} {[%emt 00:00:20]} 9. Qe1
{[%clk 00:14:46]} {[%emt 00:00:11]} a6 {[%clk 00:15:12]} {[%emt 00:00:12]} 10.
a4 {[%clk 00:14:20]} {[%emt 00:00:35]} Rb8 {[%clk 00:14:31]} {[%emt 00:00:51]}
11. Kh1 {[%clk 00:13:04]} {[%emt 00:01:25]} Re8 {[%clk 00:13:59]} {[%emt
00:00:42]} 12. Bd2 {[%clk 00:12:46]} {[%emt 00:00:29]} Qc7 {[%clk 00:13:12]}
{[%emt 00:00:57]} 13. Qg3 {[%clk 00:11:47]} {[%emt 00:01:09]} g6 {[%clk
00:10:49]} {[%emt 00:02:33]} 14. Ne2 {[%clk 00:09:56]} {[%emt 00:02:01]} Nh5
{[%clk 00:10:20]} {[%emt 00:00:39]} 15. Qf2 {[%clk 00:09:29]} {[%emt 00:00:36]}
Bf6 {[%clk 00:09:26]} {[%emt 00:01:05]} 16. Rab1 {[%clk 00:09:02]} {[%emt
00:00:37]} b5 {[%clk 00:08:08]} {[%emt 00:01:28]} 17. g4 {[%clk 00:08:50]}
{[%emt 00:00:22]} Ng7 {[%clk 00:07:59]} {[%emt 00:00:19]} 18. g5 {[%clk
00:08:42]} {[%emt 00:00:17]} Be7 {[%clk 00:07:37]} {[%emt 00:00:33]} 19. axb5
{[%clk 00:08:33]} {[%emt 00:00:20]} axb5 {[%clk 00:07:44]} {[%emt 00:00:03]} 20.
Ng3 {[%clk 00:06:40]} {[%emt 00:02:01]} Na5 {[%clk 00:03:55]} {[%emt 00:04:00]}
21. Ba2 {[%clk 00:06:08]} {[%emt 00:00:42]} Bc6 {[%clk 00:03:36]} {[%emt
00:00:29]} 22. Qe1 {[%clk 00:05:36]} {[%emt 00:00:42]} Ra8 {[%clk 00:03:14]}
{[%emt 00:00:32]} 23. Bb3 {[%clk 00:05:20]} {[%emt 00:00:26]} Nxb3 {[%clk
00:03:13]} {[%emt 00:00:11]} 24. cxb3 {[%clk 00:05:29]} {[%emt 00:00:01]} f6
{[%clk 00:02:43]} {[%emt 00:00:40]} 25. Bc3 {[%clk 00:05:04]} {[%emt 00:00:35]}
Rf8 {[%clk 00:02:34]} {[%emt 00:00:19]} 26. gxf6 {[%clk 00:04:44]} {[%emt
00:00:30]} Bxf6 {[%clk 00:02:42]} {[%emt 00:00:02]} 27. Ra1 {[%clk 00:03:41]}
{[%emt 00:01:14]} Qf7 {[%clk 00:01:42]} {[%emt 00:01:10]} 28. Ne2 {[%clk
00:03:26]} {[%emt 00:00:25]} Be7 {[%clk 00:01:06]} {[%emt 00:00:45]} 29. Rxa8
{[%clk 00:03:07]} {[%emt 00:00:29]} Rxa8 {[%clk 00:01:14]} {[%emt 00:00:02]} 30.
Ng5 {[%clk 00:02:57]} {[%emt 00:00:19]} Bxg5 {[%clk 00:01:07]} {[%emt
00:00:18]} 31. fxg5 {[%clk 00:03:06]} Qe7 {[%clk 00:01:16]} {[%emt 00:00:01]}
32. Bf6 {[%clk 00:03:04]} {[%emt 00:00:11]} Qd7 {[%clk 00:01:11]} {[%emt
00:00:15]} 33. Ng3 {[%clk 00:02:32]} {[%emt 00:00:42]} Rf8 {[%clk 00:00:58]}
{[%emt 00:00:23]} 34. Kg1 {[%clk 00:02:27]} {[%emt 00:00:15]} Qa7 {[%clk
00:00:41]} {[%emt 00:00:27]} 35. Qa1 {[%clk 00:02:13]} {[%emt 00:00:24]} Qxa1
{[%clk 00:00:42]} {[%emt 00:00:09]} 36. Rxa1 {[%clk 00:02:20]} {[%emt
00:00:03]} Ne8 {[%clk 00:00:51]} {[%emt 00:00:01]} 37. Ra6 {[%clk 00:01:54]}
{[%emt 00:00:36]} Bb7 {[%clk 00:00:41]} {[%emt 00:00:19]} 38. Rb6 {[%clk
00:01:52]} {[%emt 00:00:13]} Rf7 {[%clk 00:00:38]} {[%emt 00:00:13]} 39. Rxb5
{[%clk 00:01:51]} {[%emt 00:00:11]} Nxf6 {[%clk 00:00:36]} {[%emt 00:00:12]} 40.
gxf6 {[%clk 00:01:57]} {[%emt 00:00:04]} Ba6 {[%clk 00:00:43]} {[%emt
00:00:03]} 41. Rb8+ {[%clk 00:01:53]} {[%emt 00:00:14]} Rf8 {[%clk 00:00:52]}
{[%emt 00:00:01]} 42. Rb6 {[%clk 00:01:54]} {[%emt 00:00:09]} Bxd3 {[%clk
00:00:51]} {[%emt 00:00:11]} 43. Rxd6 {[%clk 00:02:02]} {[%emt 00:00:02]} Bc2
{[%clk 00:00:45]} {[%emt 00:00:16]} 44. e5 {[%clk 00:01:57]} {[%emt 00:00:15]}
Bxb3 {[%clk 00:00:47]} {[%emt 00:00:09]} 45. Ne4 {[%clk 00:01:52]} {[%emt
00:00:13]} Ra8 {[%clk 00:00:25]} {[%emt 00:00:33]} 46. Nxc5 {[%clk 00:01:43]}
{[%emt 00:00:19]} Bc4 {[%clk 00:00:18]} {[%emt 00:00:17]} 47. Kf2 {[%clk
00:01:12]} {[%emt 00:00:41]} Re8 {[%clk 00:00:26]} {[%emt 00:00:02]} 48. Ke3
{[%clk 00:01:07]} {[%emt 00:00:14]} h5 {[%clk 00:00:29]} {[%emt 00:00:08]} 49.
Kd4 {[%clk 00:01:01]} {[%emt 00:00:16]} Bd5 {[%clk 00:00:29]} {[%emt 00:00:10]}
50. Rd7 {[%clk 00:01:08]} {[%emt 00:00:03]} Kf8 {[%clk 00:00:14]} {[%emt
00:00:24]} 51. Rh7 {[%clk 00:01:04]} {[%emt 00:00:14]} Bf3 {[%clk 00:00:11]}
{[%emt 00:00:15]} 52. Rh8+ {[%clk 00:01:02]} {[%emt 00:00:11]} Kf7 {[%clk
00:00:19]} {[%emt 00:00:02]} 53. Rh7+ {[%clk 00:00:56]} {[%emt 00:00:16]} Kf8
{[%clk 00:00:27]} {[%emt 00:00:02]} 54. Rh8+ {[%clk 00:00:59]} {[%emt
00:00:07]} Kf7 {[%clk 00:00:37]} 55. Rxe8 {[%clk 00:01:07]} Kxe8 {[%clk
00:00:46]} {[%emt 00:00:01]} 56. Nxe6 {[%clk 00:01:15]} {[%emt 00:00:01]} Kf7
{[%clk 00:00:49]} {[%emt 00:00:08]} 57. Ng5+ {[%clk 00:01:22]} {[%emt
00:00:03]} 1-0

[Event "British Rapidplay Championship 2023"]
[Site "Mercure Bradford, Bankfield Hotel"]
[Date "2023.04.15"]
[Round "6.26"]
[White "Chedd, Neil"]
[Black "Wainwright, Charlie"]
[Result "1-0"]
[TimeControl "All moves in 15 minutes plus 10 second increment per move from move 1"]
[WhiteElo "1663"]
[BlackElo "1329"]

1. d4 {[%clk 00:15:18]} {[%emt 00:00:01]} e6 {[%clk 00:15:12]} {[%emt
00:00:08]} 2. e3 {[%clk 00:15:24]} {[%emt 00:00:04]} d5 {[%clk 00:15:11]}
{[%emt 00:00:12]} 3. Bd3 {[%clk 00:15:27]} {[%emt 00:00:06]} c5 {[%clk
00:15:15]} {[%emt 00:00:06]} 4. c3 {[%clk 00:15:35]} {[%emt 00:00:02]} Nc6
{[%clk 00:14:59]} {[%emt 00:00:26]} 5. Nf3 {[%clk 00:15:40]} {[%emt 00:00:04]}
Nf6 {[%clk 00:14:55]} {[%emt 00:00:14]} 6. Ne5 {[%clk 00:15:41]} {[%emt
00:00:10]} Bd6 {[%clk 00:14:46]} {[%emt 00:00:20]} 7. f4 {[%clk 00:15:45]}
{[%emt 00:00:05]} Bd7 {[%clk 00:14:44]} {[%emt 00:00:12]} 8. O-O {[%clk
00:15:41]} {[%emt 00:00:13]} c4 {[%clk 00:14:01]} {[%emt 00:00:54]} 9. Bc2
{[%clk 00:15:44]} {[%emt 00:00:07]} a6 {[%clk 00:14:08]} {[%emt 00:00:03]} 10.
Nd2 {[%clk 00:15:43]} {[%emt 00:00:10]} O-O {[%clk 00:13:56]} {[%emt 00:00:23]}
11. Ndf3 {[%clk 00:15:48]} {[%emt 00:00:05]} b5 {[%clk 00:13:42]} {[%emt
00:00:24]} 12. Bd2 {[%clk 00:15:40]} {[%emt 00:00:19]} a5 {[%clk 00:13:09]}
{[%emt 00:00:43]} 13. Qe1 {[%clk 00:15:31]} {[%emt 00:00:18]} a4 {[%clk
00:13:15]} {[%emt 00:00:05]} 14. a3 {[%clk 00:15:20]} {[%emt 00:00:20]} Na5
{[%clk 00:12:59]} {[%emt 00:00:26]} 15. Qh4 {[%clk 00:13:34]} {[%emt 00:01:56]}
Nb3 {[%clk 00:12:35]} {[%emt 00:00:34]} 16. Rad1 {[%clk 00:13:01]} {[%emt
00:00:42]} Re8 {[%clk 00:11:37]} {[%emt 00:01:08]} 17. Ng5 {[%clk 00:12:43]}
{[%emt 00:00:28]} h6 {[%clk 00:11:40]} {[%emt 00:00:07]} 18. Ngxf7 {[%clk
00:12:26]} {[%emt 00:00:28]} Qe7 {[%clk 00:11:17]} {[%emt 00:00:32]} 19. Qg3
{[%clk 00:10:36]} {[%emt 00:02:00]} Bxe5 {[%clk 00:10:30]} {[%emt 00:00:56]} 20.
Nxe5 {[%clk 00:09:42]} {[%emt 00:01:06]} Ra6 {[%clk 00:09:17]} {[%emt
00:01:22]} 21. Be1 {[%clk 00:07:37]} {[%emt 00:02:14]} Rc8 {[%clk 00:08:52]}
{[%emt 00:00:36]} 22. Qh3 {[%clk 00:06:17]} {[%emt 00:01:29]} Rc7 {[%clk
00:07:49]} {[%emt 00:01:13]} 23. Rf3 {[%clk 00:06:12]} {[%emt 00:00:16]} Be8
{[%clk 00:07:36]} {[%emt 00:00:24]} 24. g4 {[%clk 00:05:30]} {[%emt 00:00:51]}
Bf7 {[%clk 00:06:42]} {[%emt 00:01:03]} 25. Bh4 {[%clk 00:04:29]} {[%emt
00:01:12]} Na5 {[%clk 00:06:12]} {[%emt 00:00:41]} 26. Rg3 {[%clk 00:04:17]}
{[%emt 00:00:21]} Nc6 {[%clk 00:06:17]} {[%emt 00:00:05]} 27. g5 {[%clk
00:03:45]} {[%emt 00:00:42]} Nxe5 {[%clk 00:05:20]} {[%emt 00:01:07]} 28. fxe5
{[%clk 00:03:19]} {[%emt 00:00:36]} Nh5 {[%clk 00:04:59]} {[%emt 00:00:30]} 29.
gxh6 {[%clk 00:02:39]} {[%emt 00:00:50]} Qe8 {[%clk 00:05:00]} {[%emt
00:00:10]} 30. Rg5 {[%clk 00:01:42]} {[%emt 00:01:06]} Rb6 {[%clk 00:04:40]}
{[%emt 00:00:32]} 31. Rf1 {[%clk 00:01:34]} {[%emt 00:00:18]} Ra6 {[%clk
00:04:30]} {[%emt 00:00:20]} 32. Qg2 {[%clk 00:01:15]} {[%emt 00:00:27]} Qf8
{[%clk 00:04:21]} {[%emt 00:00:20]} 33. Rxh5 {[%clk 00:01:14]} {[%emt
00:00:11]} Bxh5 {[%clk 00:04:04]} {[%emt 00:00:27]} 34. Rxf8+ {[%clk 00:01:19]}
{[%emt 00:00:04]} Kxf8 {[%clk 00:04:13]} {[%emt 00:00:02]} 35. Bg6 {[%clk
00:01:09]} {[%emt 00:00:20]} Bxg6 {[%clk 00:04:14]} {[%emt 00:00:10]} 36. Qxg6
{[%clk 00:01:15]} {[%emt 00:00:03]} gxh6 {[%clk 00:04:21]} {[%emt 00:00:02]} 37.
Qxh6+ {[%clk 00:01:17]} {[%emt 00:00:09]} Rg7+ {[%clk 00:04:29]} {[%emt
00:00:02]} 38. Kh1 {[%clk 00:01:05]} {[%emt 00:00:22]} Kg8 {[%clk 00:04:24]}
{[%emt 00:00:16]} 39. Bf6 {[%clk 00:01:00]} {[%emt 00:00:14]} Rh7 {[%clk
00:04:28]} {[%emt 00:00:06]} 40. Qg6+ {[%clk 00:01:03]} {[%emt 00:00:07]} Kf8
{[%clk 00:04:27]} {[%emt 00:00:11]} 41. Qxh7 {[%clk 00:01:09]} {[%emt
00:00:03]} Rb6 {[%clk 00:04:26]} {[%emt 00:00:12]} 42. Qe7+ {[%clk 00:01:16]}
{[%emt 00:00:03]} 1-0

[Event "British Rapidplay Championship 2023"]
[Site "Mercure Bradford, Bankfield Hotel"]
[Date "2023.04.15"]
[Round "6.27"]
[White "Singh, Adamjeet"]
[Black "Ezzo, Talal"]
[Result "0-1"]
[TimeControl "All moves in 15 minutes plus 10 second increment per move from move 1"]
[WhiteElo "1213"]
[BlackElo "1637"]

1. d4 {[%clk 00:15:28]} {[%emt 00:00:03]} Nf6 {[%clk 00:15:25]} {[%emt
00:00:04]} 2. Bf4 {[%clk 00:15:34]} {[%emt 00:00:04]} c5 {[%clk 00:15:17]}
{[%emt 00:00:18]} 3. dxc5 {[%clk 00:15:39]} {[%emt 00:00:04]} Qa5+ {[%clk
00:15:22]} {[%emt 00:00:05]} 4. Nc3 {[%clk 00:15:47]} {[%emt 00:00:02]} Qxc5
{[%clk 00:15:29]} {[%emt 00:00:04]} 5. e4 {[%clk 00:15:51]} {[%emt 00:00:05]}
Qb4 {[%clk 00:15:14]} {[%emt 00:00:26]} 6. Bd3 {[%clk 00:15:08]} {[%emt
00:00:52]} Qxb2 {[%clk 00:13:50]} {[%emt 00:01:34]} 7. Nge2 {[%clk 00:15:15]}
{[%emt 00:00:04]} Qb6 {[%clk 00:13:10]} {[%emt 00:00:50]} 8. Rb1 {[%clk
00:15:10]} {[%emt 00:00:14]} Qe6 {[%clk 00:12:50]} {[%emt 00:00:30]} 9. O-O
{[%clk 00:14:58]} {[%emt 00:00:23]} a6 {[%clk 00:12:51]} {[%emt 00:00:10]} 10.
h3 {[%clk 00:15:01]} {[%emt 00:00:06]} d6 {[%clk 00:12:36]} {[%emt 00:00:25]}
11. Nd4 {[%clk 00:15:03]} {[%emt 00:00:08]} Qd7 {[%clk 00:12:35]} {[%emt
00:00:11]} 12. Re1 {[%clk 00:14:27]} {[%emt 00:00:46]} e5 {[%clk 00:12:35]}
{[%emt 00:00:10]} 13. Nce2 {[%clk 00:13:40]} {[%emt 00:00:56]} exf4 {[%clk
00:12:30]} {[%emt 00:00:15]} 14. Nxf4 {[%clk 00:13:47]} {[%emt 00:00:02]} Be7
{[%clk 00:12:14]} {[%emt 00:00:27]} 15. Nf5 {[%clk 00:13:39]} {[%emt 00:00:19]}
Nc6 {[%clk 00:12:04]} {[%emt 00:00:20]} 16. Nxg7+ {[%clk 00:13:18]} {[%emt
00:00:29]} Kf8 {[%clk 00:12:07]} {[%emt 00:00:09]} 17. Nf5 {[%clk 00:13:23]}
{[%emt 00:00:04]} Rg8 {[%clk 00:10:51]} {[%emt 00:01:27]} 18. Bc4 {[%clk
00:13:13]} {[%emt 00:00:19]} Ne5 {[%clk 00:10:51]} {[%emt 00:00:10]} 19. Bb3
{[%clk 00:12:43]} {[%emt 00:00:40]} b5 {[%clk 00:10:17]} {[%emt 00:00:44]} 20.
Re2 {[%clk 00:12:24]} {[%emt 00:00:29]} Bb7 {[%clk 00:10:14]} {[%emt 00:00:14]}
21. Qe1 {[%clk 00:12:06]} {[%emt 00:00:28]} Nf3+ {[%clk 00:09:49]} {[%emt
00:00:35]} 22. Kf1 {[%clk 00:11:55]} {[%emt 00:00:21]} Nxe1 {[%clk 00:09:57]}
{[%emt 00:00:03]} 23. Rbxe1 {[%clk 00:12:03]} {[%emt 00:00:01]} Bd8 {[%clk
00:08:01]} {[%emt 00:02:07]} 24. Nh6 {[%clk 00:12:03]} {[%emt 00:00:09]} Rg7
{[%clk 00:08:08]} {[%emt 00:00:03]} 25. Nf5 {[%clk 00:12:07]} {[%emt 00:00:06]}
Bb6 {[%clk 00:06:54]} {[%emt 00:01:25]} 26. Nxg7 {[%emt 00:00:20]} Kxg7 {[%clk
00:07:00]} {[%emt 00:00:02]} 27. Rd1 {[%clk 00:11:56]} {[%emt 00:00:12]} Nxe4
{[%clk 00:06:46]} {[%emt 00:00:24]} 28. Nh5+ {[%clk 00:11:46]} {[%emt
00:00:20]} Kh8 {[%clk 00:06:09]} {[%emt 00:00:48]} 29. Rd3 {[%clk 00:11:41]}
{[%emt 00:00:14]} d5 {[%clk 00:05:20]} {[%emt 00:01:00]} 30. Rxe4 {[%clk
00:11:29]} {[%emt 00:00:20]} Qf5 {[%clk 00:05:22]} {[%emt 00:00:10]} 31. Re2
{[%clk 00:11:12]} {[%emt 00:00:27]} Qxh5 {[%clk 00:05:22]} {[%emt 00:00:10]}
0-1

[Event "British Rapidplay Championship 2023"]
[Site "Mercure Bradford, Bankfield Hotel"]
[Date "2023.04.15"]
[Round "6.28"]
[White "Weldon, James"]
[Black "Manavalan, Keerthi Kumar"]
[Result "0-1"]
[TimeControl "All moves in 15 minutes plus 10 second increment per move from move 1"]
[WhiteElo "1455"]
[BlackElo "1419"]

1. e4 {[%clk 00:13:48]} {[%emt 00:01:32]} c5 {[%clk 00:15:14]} {[%emt
00:00:07]} 2. d4 {[%clk 00:13:30]} {[%emt 00:00:28]} cxd4 {[%clk 00:15:15]}
{[%emt 00:00:08]} 3. Qxd4 {[%clk 00:13:37]} {[%emt 00:00:03]} Nc6 {[%clk
00:15:16]} {[%emt 00:00:10]} 4. Qd1 {[%clk 00:13:38]} {[%emt 00:00:10]} d6
{[%clk 00:15:17]} {[%emt 00:00:08]} 5. a3 {[%clk 00:13:45]} {[%emt 00:00:03]}
g6 {[%clk 00:15:11]} {[%emt 00:00:16]} 6. Nc3 {[%clk 00:13:43]} {[%emt
00:00:12]} Bg7 {[%clk 00:15:12]} {[%emt 00:00:09]} 7. Bd2 {[%clk 00:13:44]}
{[%emt 00:00:10]} Qb6 {[%clk 00:14:27]} {[%emt 00:00:55]} 8. Nd5 {[%clk
00:13:37]} {[%emt 00:00:16]} Qd8 {[%clk 00:13:22]} {[%emt 00:01:16]} 9. Bb5
{[%clk 00:13:43]} {[%emt 00:00:03]} Bd7 {[%clk 00:13:29]} {[%emt 00:00:04]} 10.
c3 {[%clk 00:13:29]} {[%emt 00:00:24]} a6 {[%clk 00:12:48]} {[%emt 00:00:52]}
11. Ba4 {[%clk 00:13:29]} {[%emt 00:00:08]} b5 {[%clk 00:12:38]} {[%emt
00:00:20]} 12. Bb3 {[%clk 00:13:33]} {[%emt 00:00:06]} e6 {[%clk 00:12:43]}
{[%emt 00:00:05]} 13. Nf4 {[%clk 00:12:20]} {[%emt 00:01:22]} Nge7 {[%clk
00:12:18]} {[%emt 00:00:36]} 14. Nf3 {[%clk 00:11:27]} {[%emt 00:01:01]} O-O
{[%clk 00:12:19]} {[%emt 00:00:10]} 15. Be3 {[%clk 00:10:48]} {[%emt 00:00:49]}
Bc8 {[%clk 00:12:10]} {[%emt 00:00:20]} 16. Nd3 {[%clk 00:09:44]} {[%emt
00:01:13]} Bb7 {[%clk 00:12:03]} {[%emt 00:00:17]} 17. Bg5 {[%clk 00:09:50]}
{[%emt 00:00:04]} Na5 {[%clk 00:10:52]} {[%emt 00:01:21]} 18. Nd2 {[%clk
00:09:34]} {[%emt 00:00:25]} Nxb3 {[%clk 00:10:31]} {[%emt 00:00:32]} 19. Qxb3
{[%clk 00:09:41]} {[%emt 00:00:03]} d5 {[%clk 00:09:42]} {[%emt 00:00:59]} 20.
e5 {[%clk 00:09:41]} {[%emt 00:00:10]} Qc7 {[%clk 00:09:26]} {[%emt 00:00:24]}
21. Nf3 {[%clk 00:09:10]} {[%emt 00:00:42]} Nc8 {[%clk 00:09:05]} {[%emt
00:00:32]} 22. Qb4 {[%clk 00:08:53]} {[%emt 00:00:27]} Nb6 {[%clk 00:08:33]}
{[%emt 00:00:41]} 23. Qf4 {[%clk 00:08:59]} {[%emt 00:00:05]} Nc4 {[%clk
00:08:13]} {[%emt 00:00:30]} 24. Bh6 {[%clk 00:08:18]} {[%emt 00:00:50]} f5
{[%clk 00:07:10]} {[%emt 00:01:14]} 25. Bxg7 {[%clk 00:07:40]} {[%emt
00:00:48]} Qxg7 {[%clk 00:06:41]} {[%emt 00:00:39]} 26. Ng5 {[%clk 00:07:45]}
{[%emt 00:00:05]} Rfe8 {[%clk 00:06:15]} {[%emt 00:00:37]} 27. b3 {[%clk
00:07:52]} {[%emt 00:00:02]} Na5 {[%clk 00:05:45]} {[%emt 00:00:40]} 28. Nc5
{[%clk 00:07:59]} {[%emt 00:00:03]} Bc8 {[%clk 00:05:41]} {[%emt 00:00:13]} 29.
O-O {[%clk 00:07:08]} {[%emt 00:01:03]} Nb7 {[%clk 00:05:47]} {[%emt 00:00:04]}
30. Nd3 {[%clk 00:06:17]} {[%emt 00:01:01]} Re7 {[%clk 00:04:41]} {[%emt
00:01:16]} 31. a4 {[%clk 00:06:19]} {[%emt 00:00:07]} bxa4 {[%clk 00:04:18]}
{[%emt 00:00:33]} 32. Rxa4 {[%clk 00:06:18]} {[%emt 00:00:11]} Rc7 {[%clk
00:04:13]} {[%emt 00:00:15]} 33. c4 {[%clk 00:06:25]} {[%emt 00:00:03]} dxc4
{[%clk 00:04:02]} {[%emt 00:00:20]} 34. Rxc4 {[%clk 00:06:25]} {[%emt
00:00:11]} Rxc4 {[%clk 00:03:36]} {[%emt 00:00:36]} 35. Qxc4 {[%clk 00:06:32]}
{[%emt 00:00:03]} Qe7 {[%clk 00:02:12]} {[%emt 00:01:35]} 36. f4 {[%clk
00:06:29]} {[%emt 00:00:13]} Nd8 {[%clk 00:01:14]} {[%emt 00:01:07]} 37. Nc5
{[%clk 00:06:25]} {[%emt 00:00:14]} Ra7 {[%clk 00:00:57]} {[%emt 00:00:28]} 38.
b4 {[%clk 00:06:13]} {[%emt 00:00:22]} Rc7 {[%clk 00:00:55]} {[%emt 00:00:11]}
39. Rd1 {[%clk 00:06:12]} {[%emt 00:00:07]} Nb7 {[%clk 00:00:54]} {[%emt
00:00:15]} 40. Rc1 {[%clk 00:05:30]} {[%emt 00:00:52]} a5 {[%clk 00:00:56]}
{[%emt 00:00:09]} 41. Ngxe6 {[%clk 00:05:05]} {[%emt 00:00:35]} Bxe6 {[%clk
00:00:37]} {[%emt 00:00:28]} 42. Qxe6+ {[%clk 00:05:10]} {[%emt 00:00:05]} Qxe6
{[%clk 00:00:41]} {[%emt 00:01:12]} 43. Nxe6 {[%clk 00:06:07]} {[%emt
00:00:06]} Rxc1+ {[%clk 00:00:49]} {[%emt 00:00:03]} 44. Kf2 {[%clk 00:06:16]}
axb4 {[%clk 00:00:55]} {[%emt 00:00:04]} 45. Nd4 {[%clk 00:06:24]} {[%emt
00:00:02]} Rc8 {[%clk 00:00:57]} {[%emt 00:00:07]} 46. e6 {[%clk 00:06:32]}
{[%emt 00:00:03]} Nd6 {[%clk 00:01:02]} {[%emt 00:00:06]} 47. Ke2 {[%clk
00:06:35]} {[%emt 00:00:06]} Kf8 {[%clk 00:01:09]} {[%emt 00:00:04]} 48. Kd3
{[%clk 00:06:42]} {[%emt 00:00:03]} Ke7 {[%clk 00:01:06]} {[%emt 00:00:13]} 49.
h3 {[%clk 00:06:50]} {[%emt 00:00:02]} Rc3+ {[%clk 00:01:08]} {[%emt 00:00:07]}
50. Kd2 {[%clk 00:06:54]} {[%emt 00:00:05]} Nc4+ {[%clk 00:01:14]} {[%emt
00:00:05]} 51. Ke2 {[%clk 00:06:54]} {[%emt 00:00:09]} b3 {[%clk 00:01:08]}
{[%emt 00:00:18]} 52. Nb5 {[%clk 00:06:31]} {[%emt 00:00:32]} Rc2+ {[%clk
00:01:11]} {[%emt 00:00:07]} 53. Kd3 {[%clk 00:06:39]} {[%emt 00:00:02]} Nd6
{[%clk 00:00:55]} {[%emt 00:00:26]} 54. Nd4 {[%clk 00:06:40]} {[%emt 00:00:09]}
Rxg2 {[%clk 00:00:51]} {[%emt 00:00:14]} 55. Nxb3 {[%clk 00:06:44]} {[%emt
00:00:06]} Rg3+ {[%clk 00:00:55]} {[%emt 00:00:06]} 56. Kc2 {[%clk 00:06:52]}
{[%emt 00:00:03]} Rxb3 {[%clk 00:01:00]} {[%emt 00:00:05]} 57. Kxb3 {[%clk
00:07:01]} {[%emt 00:00:01]} Kxe6 {[%clk 00:01:07]} {[%emt 00:00:03]} 58. Kc3
{[%clk 00:07:10]} Ne4+ {[%clk 00:00:58]} {[%emt 00:00:20]} 59. Kd3 {[%clk
00:07:19]} Nf2+ {[%clk 00:01:06]} {[%emt 00:00:01]} 60. Ke3 {[%clk 00:07:27]}
{[%emt 00:00:02]} Nxh3 {[%clk 00:01:14]} {[%emt 00:00:02]} 61. Kf3 {[%clk
00:07:36]} {[%emt 00:00:01]} g5 {[%clk 00:00:57]} {[%emt 00:00:27]} 62. Kg3
{[%clk 00:07:37]} {[%emt 00:00:09]} g4 {[%clk 00:01:04]} {[%emt 00:00:02]} 63.
Kg2 {[%clk 00:07:42]} {[%emt 00:00:05]} Nxf4+ {[%clk 00:01:12]} {[%emt
00:00:03]} 64. Kg3 {[%clk 00:07:51]} {[%emt 00:00:02]} h5 {[%clk 00:01:01]}
{[%emt 00:00:18]} 65. Kh4 {[%clk 00:07:58]} {[%emt 00:00:05]} Ne2 {[%clk
00:00:57]} {[%emt 00:00:14]} 66. Kxh5 {[%clk 00:08:03]} {[%emt 00:00:05]} g3
{[%clk 00:01:03]} {[%emt 00:00:05]} 0-1